000 00932nam a22002897a 4500
001 BR7902227
003 BR-BrBNA
005 20230928090005.0
007 ta
008 230509b bl.||||| |||| 00| 0 por d
040 _aBR-BrBNA
_bpor
_cBiblioteca Nacional de Agricultura
041 _a(Por)
072 _aE15; F00
_b1910
_b/G514
090 _ 1910 BR7902227
100 1 _aKuhn, V.L.B.
100 1 _aKuhn Neto, J.
110 1 _aCoordenadoria de Assistencia Tecnica Integral, Campinas, SP (Brasil). Centro de Orientacao Tecnica
_92963
245 1 _aEstimativa de custo de formacao de pastagens por plantio direto e pelo metodo CATI [Coordenadoria de Assistencia Tecnica Integral; Brasil]
260 3 _aCampinas, SP (Brasil):
_c[nd].
300 _a13 p.
500 _aPublished 1978?
650 _aPASTAGEM
650 _aCUSTO OPERACIONAL
650 _aPLANTIO
909 _a202309
_bLucia
_c55
_dLucia Elande
942 _cBK
999 _c27332
_d27332